000 00585nam a2200193Ia 4500
003 IN-BaIIA
008 211028s9999 xx 000 0 eng d
040 _cIIA Library
080 _a083.7:621.886.8
_bISI
110 _aIndian Standards Institution
245 0 _aIndian standard specification for gibhead keys and keyways
_cIndian Standards Institution
260 _aNew Delhi
_bIndian Standards Institution
_c1975
300 _a5p.
500 _aIS 2293 : 1974
650 _a Gibheads Keys-Standards
_99237
650 _a Standards 
650 _aNASA Thesaurus 
942 _cBK
999 _c5246
_d5246